000 00535nam a2200133Ia 4500
008 100328s9999 xx 000 0 und d
082 _b58921
100 _aपोंक्षे राजीव.
245 _aमहाराष्ट्र पोलीस चातुर्य कथा.
260 _bपार्टनर.
630 _aमहाराष्ट्र पोलीस चातुर्य कथा.
730 _aमहाराष्ट्र पोलीस चातुर्य कथा.
942 _cBOOK
999 _c545192
_d545189